01229nam a2200325Ia 4500001000700000008004100007035001600048041001000064084001300074100003100087245015100118260012300269300002100392490003900413650001800452650002600470650002000496650001900516650001600535710012600551710001500677901000600692903000700698904000800705953003700713999001700750910000900767942001500776952011200791017747221003s2002 xx 000 0 eng d aCENDO_11024 aengb aCD-04281 aCRIADO OLMOS, Henar911020 0aStrategic mobilization under uncertainty :bthe logic of PSOE mobilization strategies in the 1996 spanish electoral campaign /cHenar Criado Olmos aMadrid :bInstituto Juan March de Estudios e Investigaciones, Centro de Estudios Avanzados en Ciencias Sociales,c2002 a29 p. ;c 30 cm aEstudio/Working Papers ;v2002/181 aPOLITICA9547 aPARTIDO POLITICO9803 aSOCIALISMO9533 aELECCION91516 aESPAÑA99 aINSTITUTO JUAN MARCH DE ESTUDIOS E INVESTIGACIONESbCentro de Estudios Avanzados en Ciencias SocialescMadrid,eed.91401 aPSOE99619 a1 aNO a000 d2002-12-18yMONOGRAFIAoCD-04281 c11023d11023 a2002 cMONOGRAFIA 00104070aCENDObCENDOd2002-12-18l0oCD-04281pCENDO_11024r2022-10-05 00:00:00w2022-10-05yMONOGRAFIA